| 000 | 00000nam 2200000zi 4500 |
| 001 | 9.931453 |
| 003 | CaOODSP |
| 005 | 20231213182450 |
| 006 | m o d f |
| 007 | cr |n||||||||| |
| 008 | 231213s2014 onc o f000 0 fre d |
| 040 | |aCaOODSP|bfre|erda|cCaOODSP |
| 043 | |an-cn--- |
| 086 | 1 |aNG21-24/2014F-PDF |
| 245 | 03|aLa politique de recherche. |
| 246 | 37|aMusée des beaux-arts du Canada - la politique de recherche |
| 264 | 1|a[Ottawa] : |bNational Gallery of Canada = Musée des beaux-arts du Canada, |c[2014] |
| 300 | |a1 ressource en ligne (9 pages) |
| 336 | |atexte|btxt|2rdacontent/fre |
| 337 | |ainformatique|bc|2rdamedia/fre |
| 338 | |aressource en ligne|bcr|2rdacarrier/fre |
| 500 | |aTitre de la couverture. |
| 500 | |a« Approuvée par le conseil d'administration du Musée, le 9 décembre 2014 »--page couverture. |
| 500 | |a« Toute mention du Musée des beaux-arts du Canada comprend son affilié, le Musée canadien de la photographie contemporaine (MCPC). »--page couverture. |
| 500 | |aPublié aussi en anglais sous le titre : Research policy. |
| 610 | 26|aMusée des beaux-arts du Canada|xGestion. |
| 650 | 6|aRecherche|xPolitique gouvernementale|zCanada. |
| 710 | 2 |aMusée des beaux-arts du Canada, |eorganisme de publication. |
| 775 | 08|tResearch policy.|w(CaOODSP)9.931452 |
| 856 | 40|qPDF|s52 Ko|uhttps://publications.gc.ca/collections/collection_2023/mbac-ngc/NG21-24-2014-fra.pdf |